An everlasting love : (Record no. 681)
[ view plain ]
| 000 -LEADER | |
|---|---|
| fixed length control field | 00774pam a2200253 a 4500 |
| 001 - CONTROL NUMBER | |
| control field | 916903 |
| 003 - CONTROL NUMBER IDENTIFIER | |
| control field | OSt |
| 005 - DATE AND TIME OF LATEST TRANSACTION | |
| control field | 20180822103510.0 |
| 008 - FIXED-LENGTH DATA ELEMENTS--GENERAL INFORMATION | |
| fixed length control field | 821103s1982 oru 001 0 eng |
| 010 ## - LIBRARY OF CONGRESS CONTROL NUMBER | |
| LC control number | 82022285 |
| 020 ## - INTERNATIONAL STANDARD BOOK NUMBER | |
| International Standard Book Number | 088070005X : |
| Terms of availability | $12.95 |
| 040 ## - CATALOGING SOURCE | |
| Original cataloging agency | DLC |
| Transcribing agency | DLC |
| Modifying agency | DLC |
| 050 00 - LIBRARY OF CONGRESS CALL NUMBER | |
| Classification number | BS2615.3 |
| Item number | .M57 1982 |
| 082 00 - DEWEY DECIMAL CLASSIFICATION NUMBER | |
| Classification number | 226.5 |
| Edition number | 19 |
| Item number | M681L |
| 100 1# - MAIN ENTRY--PERSONAL NAME | |
| Personal name | Mitchell, John G., |
| Dates associated with a name | 1892- |
| 245 13 - TITLE STATEMENT | |
| Title | An everlasting love : |
| Remainder of title | a devotional study of the Gospel of John / |
| Statement of responsibility, etc. | by John G. Mitchell with Dick Bohrer. |
| 260 ## - PUBLICATION, DISTRIBUTION, ETC. | |
| Place of publication, distribution, etc. | Portland, Or. : |
| Name of publisher, distributor, etc. | Multnomah Press, |
| Date of publication, distribution, etc. | c1982. |
| 300 ## - PHYSICAL DESCRIPTION | |
| Extent | 426 p. ; |
| Dimensions | 22 cm. |
| 500 ## - GENERAL NOTE | |
| General note | Includes index. |
| 630 00 - SUBJECT ADDED ENTRY--UNIFORM TITLE | |
| Uniform title | Bible. |
| Name of part/section of a work | John |
| General subdivision | Commentaries. |
| 700 1# - ADDED ENTRY--PERSONAL NAME | |
| Personal name | Bohrer, Dick. |
| 906 ## - LOCAL DATA ELEMENT F, LDF (RLIN) | |
| a | 7 |
| b | cbc |
| c | orignew |
| d | 1 |
| e | ocip |
| f | 19 |
| g | y-gencatlg |
| 942 ## - ADDED ENTRY ELEMENTS (KOHA) | |
| Source of classification or shelving scheme | Dewey Decimal Classification |
| Koha item type | Books |
No items available.
